Quản lí nhà nước về cấp chứng chỉ hành nnghề đối với người hành nghề, giấy phép hoạt động đối với cơ sở y tế tư nhân /

Sparad:
Bibliografiska uppgifter
Huvudupphovsman: Đinh Thị Thanh Thủy.
Materialtyp: Artikel
Språk:Vietnamese
Ämnen:
Taggar: Lägg till en tagg
Inga taggar, Lägg till första taggen!
Thư viện lưu trữ: Thư viện Trường Đại học Đà Lạt
LEADER 00918nam a2200265 4500
001 DLU170180972
005 ##20170914
040 # # |a DLU  |b vie 
041 # # |a vie 
044 # # |a vn 
100 # # |a Đinh Thị Thanh Thủy. 
245 # # |a Quản lí nhà nước về cấp chứng chỉ hành nnghề đối với người hành nghề, giấy phép hoạt động đối với cơ sở y tế tư nhân /  |c Đinh Thị Thanh Thủy. 
653 # # |a Chứng chỉ hành nnghề  
653 # # |a Giấy phép hoạt động 
653 # # |a Quản lí nhà nước 
653 # # |a Y tế tư nhân  
773 # # |t Luật học  |g Số 11(198), 2016, tr. 74-82 
920 # # |a Phòng Tạp chí -- Trung tâm Thông tin - Thư viện Trường Đại học Đà Lạt 
900 # # |a True 
911 # # |a Nguyễn Thị Thu Phương 
925 # # |a G 
926 # # |a A 
927 # # |a BB 
980 # # |a Thư viện Trường Đại học Đà Lạt